[Event "Petrov Mem Open"]
[Site "St Petersburg RUS"]
[Date "2002.02.18"]
[Round "7"]
[White "Zakharchenko,A"]
[Black "Malysheva,P"]
[Result "1-0"]
[WhiteElo "2395"]
[BlackElo "2104"]

1.Nf3 d5 2.g3 Nf6 3.Bg2 c6 4.O-O Bg4 5.b3 Nbd7 6.Bb2 e6 7.c4 Be7 8.d4 O-O
9.Nc3 Ne4 10.Nxe4 dxe4 11.Ne1 f5 12.f3 exf3 13.exf3 Bh5 14.Qe2 Rf6 15.Nd3 Rh6
16.Qe3 Qe8 17.a4 Rd8 18.a5 a6 19.Rfe1 Bf6 20.Ne5 Bxe5 21.dxe5 f4 22.Qxf4 Nc5
23.Qe3 Nd3 24.Re2 Bg6 25.Ba3 c5 26.Bxc5 Nxc5 27.Qxc5 Bf5 28.Qf2 Rd3 29.g4 Bg6
30.Rd2 Rxb3 31.Rad1 Qe7 32.Rd7 Qf8 33.Rd8 Be8 34.Qd4 Kf7 35.Ra8 g5 36.Qd8  1-0

[Event "Petrov Mem Open"]
[Site "St Petersburg RUS"]
[Date "2002.02.19"]
[Round "8"]
[White "Yandemirov,V"]
[Black "Izoria,Z"]
[Result "0-1"]
[WhiteElo "2502"]
[BlackElo "2547"]

1.Nf3 d5 2.g3 c6 3.Bg2 Bg4 4.O-O Nd7 5.d4 e6 6.c3 Ngf6 7.Nbd2 Be7 8.Re1 O-O
9.e4 h6 10.Qb3 Qc7 11.exd5 cxd5 12.Nf1 Bf5 13.Bf4 Bd6 14.Bxd6 Qxd6 15.Ne5 Rab8
16.c4 dxc4 17.Nxc4 Qxd4 18.Red1 Qc5 19.Nfe3 Ne5 20.Nd6 Bg4 21.Nxg4 Nexg4
22.Qf3 Rfd8 23.Rac1 Qb4 24.Rc4 Qb6 25.Rxg4 Nxg4 26.Qxf7+ Kh8 27.Qf4 Nxf2
28.Rd4 Rf8 29.Nf7+ Kh7 30.Be4+ Kg8 31.Nxh6+ gxh6 32.Qxh6 Nh3+ 33.Kg2 Rf2+
34.Kxh3 Qxd4 35.Qxe6+ Kf8 36.Qh6+ Ke7 37.Qh4+ Qf6 38.Qh7+ Kd6  0-1

[Event "Petrov Mem Open"]
[Site "St Petersburg RUS"]
[Date "2002.02.20"]
[Round "9"]
[White "Kuporosov,V"]
[Black "Rychagov,A"]
[Result "1/2-1/2"]
[WhiteElo "2473"]
[BlackElo "2544"]

1.Nf3 d5 2.g3 Bg4 3.Bg2 Nd7 4.c4 e6 5.cxd5 exd5 6.O-O Ngf6 7.d3 Be7 8.Qc2 O-O
9.Nc3 c6 10.h3 Bxf3 11.Bxf3 d4 12.Ne4  1/2-1/2

[Event "Bundesliga 2001-2"]
[Site "Porz GER"]
[Date "2002.02.23"]
[Round "8"]
[White "Hansen,LB"]
[Black "Mueller,Matt"]
[Result "1-0"]
[WhiteElo "2586"]
[BlackElo "2415"]

1.Nf3 d5 2.g3 Nf6 3.Bg2 e6 4.O-O Be7 5.c4 O-O 6.b3 c5 7.e3 Nc6 8.Bb2 b6 9.Nc3 dxc4
10.bxc4 Bb7 11.Qe2 Qc7 12.Rfd1 Rfd8 13.Rac1 a6 14.d4 Na5 15.Nb1 Rac8 16.Nbd2 Ne4
17.Nb3 cxd4 18.exd4 Nxb3 19.axb3 Bf6 20.h4 Nd6 21.Bh3 Bxf3 22.Qxf3 Qb7 23.Qe2 Qe4
24.Qd2 Qg6 25.Kh2 b5 26.d5 Ne4 27.Qe2 Bxb2 28.Qxb2 bxc4 29.dxe6 fxe6 30.Rxc4 Rf8
31.Rxc8 Rxc8 32.Qe5 Re8 33.h5 Qxh5 34.Qxh5  1-0

[Event "Jersey Open"]
[Site "St Helier JCI"]
[Date "2002.02.27"]
[Round "4"]
[White "Poley,V"]
[Black "Fraser,M"]
[Result "1-0"]
[WhiteElo "2344"]
[BlackElo "2147"]

1.Nf3 d5 2.g3 Nf6 3.Bg2 Bg4 4.Ne5 Bh5 5.c4 Nbd7 6.d4 e6 7.Qb3 Be7 8.Qxb7 Nxe5
9.dxe5 Nd7 10.cxd5 Rb8 11.Qxa7 Bc5 12.Qa6 O-O 13.Nc3 Nxe5 14.O-O exd5 15.Nxd5 c6
16.Bf4 Ra8 17.Qb7 Bxe2 18.Bxe5 Bxf1 19.Rxf1 cxd5 20.Bxd5 Ra5 21.Rd1 Qg5 22.Qc7 Qh5
23.Rd3 Qe2 24.Bxf7+ Kh8 25.Bxg7+ Kxg7 26.Bh5+ Qe7 27.Rd7 Bxf2+ 28.Kg2 Qxd7
29.Qxd7+ Kg8 30.Bf7+ Kh8 31.Qe7  1-0

[Event "Open"]
[Site "Antalya TUR"]
[Date "2002.02.28"]
[Round "7"]
[White "Gelashvili,T"]
[Black "Volkov,S"]
[Result "0-1"]
[WhiteElo "2552"]
[BlackElo "2567"]

1.Nf3 d5 2.g3 c6 3.Bg2 Bg4 4.O-O Nd7 5.d3 Ngf6 6.Nbd2 e5 7.e4 dxe4 8.dxe4 Qc7
9.h3 Bh5 10.c3 a5 11.Qc2 Bc5 12.Nc4 b5 13.Ne3 a4 14.Nf5 O-O 15.Bg5 Rfe8 16.Rad1 h6
17.Bh4 Bxf3 18.Bxf3 Nh7 19.Qd2 Ndf8 20.Bg2 Ne6 21.g4 Nhg5 22.Bg3 Nf4 23.Bxf4 exf4
24.h4 Nxe4 25.Bxe4 Rxe4 26.Rfe1 Qe5 27.Rxe4 Qxe4 28.Qd3 Re8 29.Qxe4 Rxe4
30.Rd8+ Kh7 31.Nd6 Bxd6 32.Rxd6 f3 33.Rd4 Rxd4 34.cxd4 h5 35.gxh5 Kh6 36.Kh2 Kxh5
37.Kg3 f6 38.a3 g6 39.Kxf3 Kxh4 40.Kf4 Kh3 41.Ke4  0-1

[Event "Jersey Open"]
[Site "St Helier JCI"]
[Date "2002.03.01"]
[Round "6"]
[White "Poley,V"]
[Black "Ledger,A"]
[Result "1-0"]
[WhiteElo "2344"]
[BlackElo "2399"]

1.Nf3 d5 2.g3 c6 3.Bg2 Bg4 4.c4 e6 5.Nc3 Nd7 6.cxd5 exd5 7.O-O Ngf6 8.d3 Be7
9.h3 Be6 10.Nd4 O-O 11.e4 Nc5 12.b4 dxe4 13.dxe4 Na6 14.Nxe6 fxe6 15.b5 Nb4
16.Qb3 Kh8 17.Rd1 Qa5 18.a3 Rad8 19.Be3 Nd3 20.Qxe6 Rfe8 21.Qb3 c5 22.Na4 Rc8
23.Qxd3 Qxa4 24.e5 Rcd8 25.Qe2 Nd7 26.Bf4 c4 27.Be4 Nf8 28.Rab1 c3 29.Bc2 Qxa3
30.Qe4 Qa2 31.h4 Bc5 32.Bg5 Rxd1+ 33.Rxd1 b6 34.h5 Qf7 35.Qe2 Ne6 36.Be3 Bxe3
37.Qxe3 Qxh5 38.Rd7 Ng5 39.Bd1 Qg6 40.Rc7 Rf8 41.Rxc3 Nh3+ 42.Kg2 Qe6 43.Rc6 Qf5
44.Qf3 Qxf3+ 45.Bxf3 Ng5 46.Bd5 h6 47.f4 Nh7 48.Rc7 Rd8 49.Rxa7 Nf8 50.e6 Ng6
51.Be4  1-0

[Event "Cupa Martisor Open"]
[Site "Bucharest ROM"]
[Date "2002.03.03"]
[Round "4"]
[White "Marin,L"]
[Black "Ionita,M"]
[Result "1-0"]
[WhiteElo "2146"]
[BlackElo "2115"]

1.g3 d5 2.Nf3 g6 3.Bg2 Bg7 4.O-O Nf6 5.c4 O-O 6.cxd5 Nxd5 7.Nc3 Nxc3 8.bxc3 c6
9.d4 Bf5 10.Nh4 Bc8 11.e4 Qc7 12.Be3 Nd7 13.Rb1 Rb8 14.f4 b5 15.f5 e6 16.fxe6 fxe6
17.Qb3 Rxf1+ 18.Rxf1 Nb6 19.Bf4 Qb7 20.Bxb8 Qxb8 21.Bh3 Nc4 22.Nf3 Qd6 23.a4 a6
24.axb5 cxb5 25.Qa2 Bh6 26.Kh1 Bb7 27.Qe2 Ne3 28.d5 Nxf1 29.Bxe6+ Kf8 30.Qxf1 Ke7
31.Nd4 Kd8 32.Qf7 Qe7 33.Qg8+ Kc7 34.e5 Kb6 35.Qb8 Be3  1-0

[Event "ONCE Blind"]
[Site "Linares ESP"]
[Date "2002.03.03"]
[Round "8"]
[White "Pribeanu,D"]
[Black "Blasco Frasquet,R"]
[Result "1-0"]
[WhiteElo "2121"]
[BlackElo "2096"]

1.Nf3 d5 2.g3 Bg4 3.Bg2 c6 4.O-O Nd7 5.d4 Ngf6 6.b3 e6 7.Bb2 Bd6 8.Nbd2 O-O
9.Ne5 Bf5 10.f3 h6 11.e4 Bh7 12.Nxd7 Nxd7 13.c4 dxe4 14.fxe4 e5 15.d5 a5
16.Qe2 Nc5 17.Kh1 Bg6 18.Rae1 Qe7 19.Bh3 Rad8 20.Bc3 Bc7 21.Bf5 Bxf5 22.Rxf5 g6
23.Rff1 Rd6 24.Qe3 Rf6 25.Rxf6  1-0

[Event "ch-RUS Boys U20"]
[Site "Vladimir RUS"]
[Date "2002.03.04"]
[Round "4"]
[White "Zablotsky,S"]
[Black "Skorchenko,D"]
[Result "1-0"]
[WhiteElo "2381"]
[BlackElo "2420"]

1.g3 d5 2.Nf3 c5 3.Bg2 Nf6 4.O-O g6 5.c4 d4 6.b4 cxb4 7.a3 bxa3 8.d3 Nc6
9.Bxa3 Bg7 10.Nbd2 O-O 11.Qc2 Qc7 12.Rfb1 h6 13.Rb2 Rd8 14.Rab1 Rb8 15.Nb3 b6
16.Nbd2 Bb7 17.Qa4 Ba8 18.Ne1 e5 19.Nc2 Bf8 20.Bxf8 Kxf8 21.Ra1 Rd7 22.Rba2 Na5
23.Bxa8 Rxa8 24.Rb2 Kg7 25.Nb3 Nxb3 26.Rxb3 e4 27.Rd1 Re8 28.dxe4 Rxe4 29.Rbd3 Qc5
30.Qa1 Qxc4 31.Nxd4 Rd5 32.e3 Ra5 33.Ra3 Ree5 34.Qb2 Rxa3 35.Qxa3 a5 36.Rc1 Qb4
37.Qxb4 axb4 38.Rc6 Nd5 39.Rd6  1-0

[Event "ch-RUS Boys U20"]
[Site "Vladimir RUS"]
[Date "2002.03.05"]
[Round "5"]
[White "Nepomniachtchi,I"]
[Black "Asanov,Ti"]
[Result "0-1"]
[WhiteElo "2280"]
[BlackElo "2411"]

1.Nf3 d5 2.g3 Bg4 3.Bg2 Nd7 4.O-O Ngf6 5.d3 e5 6.Qe1 c6 7.e4 dxe4 8.dxe4 Qc7
9.b3 Bd6 10.Bb2 O-O 11.Nbd2 b5 12.h3 Bh5 13.Nh4 Rfe8 14.Nf5 Bf8 15.Kh1 Nc5
16.Qe3 Rad8 17.a3 a5 18.Rae1 Ne6 19.Nf3 Nd7 20.N3h4 f6 21.Qc1 Bf7 22.Ne3 Nb6
23.Nhf5 Nc5 24.Ng4 a4 25.b4 Ne6 26.f4 Nc4 27.fxe5 fxe5 28.Nfe3 Nd4 29.Bc3 h5
30.Nf2 Nxe3 31.Rxe3 c5 32.Bxd4 Rxd4 33.c3 Rc4 34.Qd1 Rd8 35.Qf3 cxb4 36.cxb4 g6
37.Nd3 Bh6 38.Nxe5 Bxe3 39.Nxf7 Rf8 40.Qxe3 Rxf7 41.Rxf7 Qxf7 42.e5 Kg7 43.e6 Qe7
44.Qe5+ Qf6 45.Qd5 h4 46.Qd7+ Kh6 47.Qd2+ Qg5  0-1

[Event "Cupa Martisor Open"]
[Site "Bucharest ROM"]
[Date "2002.03.06"]
[Round "8"]
[White "Marin,L"]
[Black "Sandu,C"]
[Result "1-0"]
[WhiteElo "2146"]
[BlackElo "2001"]

1.g3 d5 2.Nf3 Nf6 3.Bg2 b6 4.c4 e6 5.O-O Be7 6.b3 O-O 7.Bb2 Bb7 8.e3 c5 9.Nc3 Nc6
10.cxd5 exd5 11.d4 Ba6 12.Re1 Rc8 13.Ne5 cxd4 14.Nxc6 Rxc6 15.Qxd4 Bc5 16.Qa4 b5
17.Nxb5 Qb6 18.Nd4 Rc7 19.Nf5 Bb4 20.Rec1 Rfc8 21.Rxc7 Rxc7 22.a3 Bf8 23.Qf4 Rd7
24.Rc1 Ne8 25.b4 Nd6 26.Nxg7 Bxg7 27.Bxg7 Kxg7 28.Qg4+ Kf8 29.Qxd7 Ne4 30.Rc7 Qf6
31.Bxe4 dxe4 32.Rc6 Qa1+ 33.Kg2 Be2 34.Qd8+ Kg7 35.Qg5+  1-0

[Event "Ciocaltea Mem"]
[Site "Bucharest ROM"]
[Date "2002.03.07"]
[Round "4"]
[White "Sofronie,I"]
[Black "Bets,A"]
[Result "1/2-1/2"]
[WhiteElo "2458"]
[BlackElo "2383"]

1.Nf3 d5 2.g3 c6 3.Bg2 Bg4 4.d4 Nd7 5.Nbd2 Ngf6 6.O-O e6 7.Re1 Be7 8.h3 Bh5
9.e4 Nxe4 10.Nxe4 dxe4 11.Rxe4 O-O 12.Re1 Qc7 13.Bf4 Bd6 14.Bxd6 Qxd6 15.c3 Rfd8
16.Qb3 Qc7 17.Ne5 Bg6 18.Rad1 Rab8  1/2-1/2

[Event "Open"]
[Site "Reykjavik ISL"]
[Date "2002.03.07"]
[Round "1"]
[White "Hagesaether,E"]
[Black "Westerinen,H"]
[Result "0-1"]
[WhiteElo "2102"]
[BlackElo "2412"]

1.Nf3 d5 2.g3 c6 3.Bg2 Nf6 4.O-O Bf5 5.d3 e6 6.Nbd2 h6 7.Qe1 Nbd7 8.e4 dxe4
9.dxe4 Bh7 10.Qe2 Nc5 11.Ne1 Qd4 12.c3 Qd7 13.a4 Rd8 14.b4 Nd3 15.Nb3 Nxc1
16.Rxc1 Be7 17.e5 Nd5 18.Be4 Bxe4 19.Qxe4 O-O 20.Nf3 Nb6 21.a5 Na4 22.Nfd4 c5
23.bxc5 Nxc5 24.Nxc5 Bxc5 25.Rb1 b6 26.axb6 Bxb6 27.Ra1 Qd5 28.Rfe1 Qc5 29.Re3 Rd5
30.Nb3 Qe7 31.c4 Rd7 32.Rf3 Rc8 33.Kg2 Qb4 34.Rc1 a5 35.Na1 Ba7 36.Rcc3 a4
37.Nc2 Qc5 38.Qf4 Bb8 39.Rfe3 f6 40.Qg4 Qc6+ 41.Qe4 Bxe5 42.Ra3 Qxc4 43.Ne1 Rd4
44.Qf3 Qb5 45.Re4 Rxe4 46.Qxe4 Rc4 47.Qe2 Qc6+ 48.Kh3 Re4 49.Qd2 Qd6 50.Rd3 Rd4
51.f4 Rxd3 52.Nxd3 Ba1 53.f5 Qd5 54.Qe3 Qxf5+ 55.g4 Qd5  0-1

[Event "FSGM March"]
[Site "Budapest HUN"]
[Date "2002.03.08"]
[Round "7"]
[White "Lukacs,P"]
[Black "Kosanovic,G"]
[Result "1/2-1/2"]
[WhiteElo "2444"]
[BlackElo "2428"]

1.Nf3 d5 2.g3 c6 3.Bg2 Bg4 4.O-O Nd7 5.d4 Ngf6 6.Nbd2 e6 7.Re1 Be7 8.e4 dxe4
9.Nxe4 Nxe4 10.Rxe4 Bf5 11.Re1 O-O 12.c3 Re8 13.Qb3 Qb6  1/2-1/2

[Event "Open"]
[Site "Reykjavik ISL"]
[Date "2002.03.08"]
[Round "2"]
[White "Stefanova,A"]
[Black "Thorfinnsson,Bj"]
[Result "1-0"]
[WhiteElo "2451"]
[BlackElo "2279"]

1.Nf3 d5 2.g3 c6 3.Bg2 Bg4 4.O-O Nd7 5.d3 e5 6.e4 dxe4 7.dxe4 Ngf6 8.h3 Bxf3
9.Qxf3 Nc5 10.Nd2 Bd6 11.Nc4 Bc7 12.b3 b5 13.Ba3 Nfd7 14.Rad1 Qb8 15.b4 Ne6
16.Rxd7 Rf8 17.Rfd1 bxc4 18.Qg4 Qb6 19.Bf1 g6 20.Bxc4 h5 21.Qf3 Rd8 22.Qd3 Rb8
23.b5 c5 24.Bxe6 fxe6 25.Qc4  1-0

[Event "ch-RUS Boys U20"]
[Site "Vladimir RUS"]
[Date "2002.03.08"]
[Round "7"]
[White "Zablotsky,S"]
[Black "Timofeev,Ar"]
[Result "1/2-1/2"]
[WhiteElo "2381"]
[BlackElo "2539"]

1.g3 d5 2.Nf3 c6 3.Bg2 Nd7 4.d4 g6 5.O-O Bg7 6.Re1 Ngf6 7.Nbd2 O-O 8.e4 dxe4
9.Nxe4 Nxe4 10.Rxe4 Nf6 11.Re1 Bg4 12.h3 Bxf3 13.Bxf3 h6 14.c3 a5 15.Bd2 e6
16.h4 a4 17.Qc1 Kh7 18.Qc2 Kg8 19.Rad1 Qb6 20.Bf4 Nd5 21.Be5 Ne7 22.Bd6 Rfe8
23.h5 g5 24.Rd2 Qd8 25.Ba3 Qd7 26.Qd3 Nd5 27.Bd1 Bf8 28.Bxf8 Rxf8 29.Bc2 Nf6
30.Re5 Rfd8 31.Rde2 Qe7 32.a3 Rd6 33.Qf3 Kf8 34.Rc5 Nd5 35.Rc4 b5 36.Rc5 Rb8
37.Be4 Kg7 38.Bxd5 cxd5 39.Kg2 Qd7 40.Qe3  1/2-1/2

[Event "sf ch-NED"]
[Site "Leeuwarden NED"]
[Date "2002.03.10"]
[Round "3.2"]
[White "Visser,Y"]
[Black "Jonkman,H"]
[Result "1/2-1/2"]
[WhiteElo "2453"]
[BlackElo "2491"]

1.Nf3 d5 2.g3 Bg4 3.Bg2 Nd7 4.O-O c6 5.d3 Ngf6 6.Nbd2 e5 7.h3 Bh5 8.e4 dxe4
9.dxe4 Bc5 10.Qe1 O-O 11.Nh4 Re8 12.a4 Qc7 13.Nb3 Bf8 14.Bg5 Re6 15.Be3 a5
16.f3 c5 17.Nd2 c4 18.Nb1 Bc5 19.Nc3 Qb6 20.Nf5 Bg6 21.Bxc5 Qxc5+ 22.Ne3 Rb6
23.Rb1 Rb4 24.Kh2 Nb6 25.f4 exf4 26.gxf4 Nxa4 27.Nxa4 Rxa4 28.e5 Nh5 29.Qc3 Re8
30.Rbd1 f6 31.f5 Rxe5 32.fxg6 hxg6 33.Ng4 Re2 34.Rd7 Rxg2+ 35.Kxg2  1/2-1/2

[Event "Open"]
[Site "Reykjavik ISL"]
[Date "2002.03.10"]
[Round "4"]
[White "Olafsson,H"]
[Black "Sigfusson,S"]
[Result "1-0"]
[WhiteElo "2474"]
[BlackElo "2351"]

1.Nf3 d5 2.g3 c5 3.Bg2 Nc6 4.d4 Nf6 5.O-O e6 6.c4 dxc4 7.Ne5 Nxe5 8.dxe5 Nd5
9.Qa4+ Bd7 10.Qxc4 Bc6 11.Nc3 Nxc3 12.Bxc6+ bxc6 13.bxc3 Be7 14.Qg4 g5 15.Qa4 Qc7
16.Be3 O-O 17.f4 Rab8 18.Qe4 Qa5 19.c4 Rb2 20.f5 exf5 21.Qxf5 Qd8 22.Rad1 Qc8
23.Rd7  1-0

[Event "FSGM March"]
[Site "Budapest HUN"]
[Date "2002.03.11"]
[Round "10"]
[White "Kustar,S"]
[Black "Jakab,A"]
[Result "0-1"]
[WhiteElo "2413"]
[BlackElo "2406"]

1.Nf3 d5 2.g3 Bg4 3.Bg2 c6 4.d3 Nd7 5.Nbd2 Ngf6 6.O-O e5 7.e4 dxe4 8.dxe4 Bc5
9.Qe1 a5 10.a4 O-O 11.Nc4 Re8 12.Bd2 b6 13.h3 Bxf3 14.Bxf3 Qe7 15.Qe2 Nf8
16.c3 Qc7 17.Rfd1 Ne6 18.Be3 Red8 19.Bxc5 Nxc5 20.Qe3 Rxd1+ 21.Bxd1 Nfd7
22.b4 axb4 23.cxb4 Ne6 24.Bg4 b5 25.Bxe6 fxe6 26.Na5 bxa4 27.Rxa4 Qd6 28.Qb3 Rb8
29.Kg2 h6 30.Qc3 c5 31.bxc5 Nxc5 32.Rb4 Rf8 33.Nb7 Rxf2+ 34.Kxf2 Nd3+ 35.Ke2 Qxb4
36.Qc8+ Kh7 37.Kxd3 Qd4+ 38.Ke2 Qxe4+ 39.Kf2 Qd4+ 40.Ke2 Qb2+ 41.Ke3 Qb3+
42.Kd2 e4 43.Nc5 e3+ 44.Ke2 Qc3 45.Qxe6 Qd2+ 46.Kf3 Qf2+ 47.Kg4 h5+ 48.Kh4 e2
49.Qe4+ Kh6 50.Qe6+ g6 51.Nd3 e1=Q 52.Qd6 Qxg3+  0-1

[Event "ch-RUS Boys U20"]
[Site "Vladimir RUS"]
[Date "2002.03.11"]
[Round "10"]
[White "Zablotsky,S"]
[Black "Zabotin,A"]
[Result "1-0"]
[WhiteElo "2381"]
[BlackElo "2249"]

1.g3 d5 2.Nf3 Nd7 3.Bg2 e5 4.d3 Ngf6 5.O-O Bd6 6.Nc3 c6 7.e4 O-O 8.Nh4 d4
9.Nf5 Bb4 10.Ne2 Re8 11.f4 Bc5 12.Kh1 Nf8 13.fxe5 Rxe5 14.Bf4 Re8 15.Bg5 Bxf5
16.Rxf5 Be7 17.Qg1 g6 18.Rf3 Ne6 19.Bxf6 Bxf6 20.Qf2 Be5 21.Rxf7 Re7 22.Rf1 Qd7
23.Rxe7 Qxe7 24.Qe1 b6 25.h4 Rf8 26.Bh3 Rxf1+ 27.Qxf1 Nd8 28.Kg2 Qd6 29.a3 a5
30.Qb1 Nf7 31.Qa2 Kg7 32.Qb3 Qc5 33.Bg4 b5 34.a4 b4 35.Nf4 Nd8 36.Kf3 Qf8
37.Qc4 h6 38.Kg2 Qd6 39.h5 gxh5 40.Nxh5+ Kh8 41.Bf5 Qe7 42.Nf4 Qd6 43.Kf3 h5
44.Qa6 h4 45.Qxa5 Nf7 46.Qa8+ Kg7 47.Nh5+ Kh6 48.Qg8  1-0

[Event "FSGM March"]
[Site "Budapest HUN"]
[Date "2002.03.13"]
[Round "12"]
[White "Kustar,S"]
[Black "Erdos,V"]
[Result "1-0"]
[WhiteElo "2413"]
[BlackElo "2383"]

1.Nf3 d5 2.g3 Bg4 3.Bg2 c6 4.d3 Nd7 5.Nbd2 Ngf6 6.O-O e5 7.e4 dxe4 8.dxe4 Bc5
9.Qe1 a5 10.a4 O-O 11.Nc4 Bxf3 12.Bxf3 Qc7 13.Bd2 b6 14.Qe2 Rfd8 15.c3 Nf8
16.Bg5 Be7 17.Be3 N6d7 18.Bg4 Bc5 19.Rfd1 Bxe3 20.Qxe3 Nc5 21.Rxd8 Rxd8 22.b4 axb4
23.cxb4 Ncd7 24.Rd1 Ra8 25.a5 bxa5 26.bxa5 Nf6 27.Bf5 g6 28.Bh3 c5 29.Rd6 Kg7
30.Qg5 Qe7 31.a6 h6 32.Qxe5 Qxe5 33.Nxe5 Nxe4 34.Bg2 Nxd6 35.Bxa8 Ne6 36.Bc6 Nc8
37.Bb7 Nb6 38.a7 Nc7 39.Kf1 Kf6 40.Ng4+ Kg5 41.Ne3 Kf6 42.Nd5+ Nbxd5 43.Bxd5 Ke5
44.Bxf7 g5 45.Bh5 Kd4 46.Bf3 Kd3 47.a8=Q Nxa8 48.Bxa8 c4 49.f3 c3 50.Kf2 g4
51.Be4+ Kd4 52.Bc2 gxf3 53.Kxf3  1-0

[Event "35th Ladies GM"]
[Site "Belgrade YUG"]
[Date "2002.03.15"]
[Round "1"]
[White "Bogza,A"]
[Black "Nestorovic,I"]
[Result "1-0"]
[WhiteElo "2298"]
[BlackElo "2139"]

1.Nf3 d5 2.g3 Nf6 3.Bg2 c6 4.O-O Nbd7 5.c4 e6 6.b3 Bd6 7.Bb2 O-O 8.d3 Qe7
9.a3 a5 10.Nbd2 Rd8 11.Qc2 e5 12.e4 dxe4 13.dxe4 Ne8 14.Rfd1 Bc5 15.Nf1 f6
16.Qc1 Nf8 17.Ne3 Rxd1+ 18.Qxd1 Nd6 19.Ne1 Be6 20.a4 Rd8 21.Qc2 g6 22.Nd3 Bd4
23.Re1 Nf7 24.Bxd4 Rxd4 25.Qc3 Qd6 26.Rd1 Ng5 27.f3 Qd8 28.h4 Nf7 29.Qc2 Qb6
30.Kf2 Nd7 31.Bf1 Nc5 32.Nxc5 Qxc5 33.Bd3 Nd8 34.Ke2 Bd7 35.Qc1 h5 36.Nc2 Rd6
37.Qe3 Qxe3+ 38.Nxe3 Ne6 39.c5 Nd4+ 40.Kf2 Re6  1-0

[Event "TCh-ISR"]
[Site "ISR"]
[Date "2002.03.15"]
[Round "7"]
[White "Serebro,A"]
[Black "Shvidler,E"]
[Result "1/2-1/2"]
[WhiteElo "2297"]
[BlackElo "2451"]

1.Nf3 d5 2.g3 g6 3.Bg2 Bg7 4.O-O e5 5.d3 Nc6 6.c3 Nf6 7.Nbd2 O-O 8.e4 Re8
9.Re1 h6 10.Qc2 b6 11.exd5 Nxd5 12.Nc4  1/2-1/2

[Event "35th Ladies GM"]
[Site "Belgrade YUG"]
[Date "2002.03.16"]
[Round "2"]
[White "Bogza,A"]
[Black "Ujhazi,D"]
[Result "1/2-1/2"]
[WhiteElo "2298"]
[BlackElo "2180"]

1.Nf3 d5 2.g3 Bg4 3.Bg2 Nc6 4.h3 Bxf3 5.Bxf3 g6 6.d4 Bg7 7.c3 e6 8.Qb3 Rb8
9.h4 h6 10.Nd2 Nge7 11.e4 dxe4 12.Nxe4 e5 13.d5 Nxd5 14.Nc5 Nde7 15.O-O Qd6
16.Be3 b6 17.Na6 Rc8 18.Rad1 Qf6 19.Bxc6+ Qxc6 20.Nb4 Qb7 21.c4 O-O 22.Rd7 Nf5
23.Rfd1 Qf3 24.Nd5 e4 25.Bf4 Qg4 26.Ne3 Nxe3 27.Qxe3 Rfe8 28.b3 c5 29.Bxh6 Bxh6
30.Qxh6 e3 31.Qf4 Qxf4 32.gxf4 e2 33.Re1 Re4 34.Kg2 Rxf4 35.Rxe2 Rc6 36.Kg3 Rcf6
37.Rxa7 Rf3+ 38.Kg2 R3f4 39.a4 Rxh4 40.a5 bxa5 41.Rxa5 Rf5 42.Kg3 Rd4 43.Re3 Kg7
44.f3 Rg5+ 45.Kf2 Rh4 46.Rd3 Rh2+  1/2-1/2

[Event "Spring Festival"]
[Site "Budapest HUN"]
[Date "2002.03.16"]
[Round "2"]
[White "Kolus,L"]
[Black "Csom,E"]
[Result "1/2-1/2"]
[WhiteElo "2200"]
[BlackElo "2134"]

1.Nf3 d5 2.g3 Nf6 3.Bg2 Bf5 4.d3 h6 5.O-O e6 6.c4 c6 7.b3 Be7 8.Bb2 O-O 9.Nbd2 Nbd7
10.Qc2 Bh7 11.Rac1 a5 12.a3 Qb6 13.Qb1 Rfe8 14.Qa1 Bf8 15.d4 Ne4 16.e3 Ndf6
17.Nxe4 Nxe4 18.Qa2 Be7 19.Rfd1 Rad8 20.c5 Qc7 21.b4 axb4 22.axb4 Ra8 23.Qb3 b5
24.Ra1 Qb7 25.Bc3 Rxa1 26.Rxa1 Ra8 27.Qb2 Rxa1+ 28.Qxa1 Bd8 29.Be1 Bc7 30.h3 Bd8
31.Nh2 Nf6 32.Nf1 Bd3 33.Nd2 Ne4 34.Nf3 Bc7 35.Ne5 Bxe5 36.dxe5 Ng5 37.h4 Nh7
38.Qa5 Nf8 39.Bc3 Nd7 40.f4 g6 41.Bf3 Kg7 42.Kf2 Bf5 43.Be2 h5 44.Bxb5 cxb5
45.Bd4 Qc6  1/2-1/2

[Event "TCh-FIN 2001-02"]
[Site "FIN"]
[Date "2002.03.16"]
[Round "8"]
[White "Sepp,O"]
[Black "Taivainen,J"]
[Result "0-1"]
[WhiteElo "2460"]
[BlackElo "2262"]

1.Nf3 d5 2.g3 Nf6 3.Bg2 c6 4.O-O Bg4 5.d3 e6 6.Nbd2 Nbd7 7.h3 Bh5 8.e4 dxe4
9.dxe4 e5 10.Qe2 Bd6 11.Rd1 Bc7 12.b3 b5 13.a4 a6 14.Ba3 Qb8 15.Nf1 Bg6 16.Nh4 c5
17.f4 h6 18.g4 O-O 19.g5 Bh5 20.Bf3 Bxf3 21.Qxf3 exf4 22.gxf6 Nxf6 23.Bxc5 Bb6
24.Bxb6 Qxb6+ 25.Qf2 Qe6 26.Ng2 Nxe4 27.Qh4 g5 28.Qg4 Qb6+ 29.Kh2 Nf2 30.Qf5 Nxd1
31.Rxd1 Rad8 32.Rxd8 Rxd8 33.axb5 axb5 34.Qg4 Qf2 35.h4 f3 36.Ne3 fxg2 37.Nxg2 Rd4
38.Qc8+ Kh7 39.Kh3 Qf3+ 40.Kh2 Rg4  0-1

[Event "Bundesliga 2001-2"]
[Site "Godesberg GER"]
[Date "2002.03.16"]
[Round "10"]
[White "Markowski,T"]
[Black "Vaganian,R"]
[Result "1/2-1/2"]
[WhiteElo "2524"]
[BlackElo "2662"]

1.g3 d5 2.Nf3 Bg4 3.Bg2 Nd7 4.c4 e6 5.cxd5 exd5 6.O-O Ngf6 7.d3 Bc5 8.Nc3 O-O
9.Qb3 Nb6 10.Qc2 Qe7 11.Bg5 h6 12.Bxf6 Qxf6 13.Nb5 Bd6 14.Rac1 c6 15.Nxd6 Qxd6
16.Nd4 Rae8 17.e3 Bh5 18.Qb3 Rb8 19.Qc3 Na4 20.Qc2 Nb6 21.Qc3 Na4 22.Qc2 Nb6
23.Qc3  1/2-1/2

[Event "Bundesliga 2001-2"]
[Site "Stuttgart GER"]
[Date "2002.03.16"]
[Round "10"]
[White "Hickl,J"]
[Black "Rozentalis,E"]
[Result "1/2-1/2"]
[WhiteElo "2601"]
[BlackElo "2598"]

1.g3 d5 2.Nf3 Nf6 3.Bg2 e6 4.O-O Be7 5.c4 O-O 6.b3 b6 7.Bb2 Bb7 8.e3 Nbd7
9.Qe2 dxc4 10.bxc4 Nc5 11.Bd4 Nfd7 12.Nc3 Na6 13.Na4 c5 14.Bb2 Bf6 15.d3 Bxb2
16.Qxb2 Qf6 17.Qxf6 Nxf6 18.Ne5 Bxg2 19.Kxg2 Rfd8 20.a3 Nb8 21.f4 Nfd7 22.Nf3 Nc6
23.Rfd1 Nf6 24.h3 Rd7 25.Kf2 Rad8 26.Ke2 Nh5 27.g4 Ng3+ 28.Kf2 Ne4+ 29.Ke2 Ng3+
30.Kf2 Ne4+ 31.Ke2 Ng3+  1/2-1/2

[Event "Bundesliga 2001-2"]
[Site "Godesberg GER"]
[Date "2002.03.17"]
[Round "11"]
[White "Kengis,E"]
[Black "Markowski,T"]
[Result "1/2-1/2"]
[WhiteElo "2571"]
[BlackElo "2524"]

1.Nf3 d5 2.g3 c6 3.Bg2 Bf5 4.O-O Nf6 5.d3 e6 6.Nfd2 h6 7.e4 Bh7 8.Qe2 Be7
9.Nc3 O-O 10.Kh1 a5 11.f4 b5 12.a4 b4 13.Nd1 c5 14.e5 Nfd7 15.Nf3 Nc6 16.b3 Rc8
17.Nf2 c4 18.dxc4 dxc4 19.Be3 Nb6 20.Rfd1 Qc7 21.Bxb6 Qxb6 22.Ne4 c3 23.Nd6 Rb8
24.Rac1 Rfd8 25.h4 Qc5 26.Ne4 Qb6 27.Nd6 Qc5 28.Ne4 Rxd1+ 29.Rxd1 Qb6 30.Kh2 Rd8
31.Nd6 Bg6 32.g4 Qb8 33.h5 Bh7 34.Ne1 Bxd6 35.Bxc6 Bf8 36.Bb5 Rxd1 37.Qxd1 Be4
38.Qe2 Ba8 39.Nf3 Qb7 40.Kg3 Be7 41.Ba6 Qb6 42.Bd3 Qc6 43.Bb5 Qc5 44.Bd3 Qc6  1/2-1/2

[Event "Amber Blindfold"]
[Site "Monaco MNC"]
[Date "2002.03.19"]
[Round "4"]
[White "Piket,Je"]
[Black "Bareev,E"]
[Result "1/2-1/2"]
[WhiteElo "2659"]
[BlackElo "2707"]

1.Nf3 d5 2.g3 Bg4 3.Bg2 Nd7 4.c4 e6 5.cxd5 exd5 6.O-O c6 7.d3 Bc5 8.Nc3 Ne7
9.Qb3 Bb6 10.Na4 O-O 11.Nxb6 axb6 12.Qc3 Re8 13.b3 f6 14.h3 Bxf3 15.Bxf3 Nf5
16.Bb2 Nd6 17.Qd2 b5 18.Bg2 Qe7 19.Rfe1 f5 20.Qf4 h6 21.Bc3 Qe6 22.Bb4 c5
23.Bxc5 Nxc5 24.Qd4 Nce4 25.dxe4 dxe4 26.Red1 Ra6 27.Rac1 Nf7 28.Qb4 Rxa2
29.Qxb5 Rb2 30.b4 Re7 31.Rd5 g6 32.Qc5 Kh7 33.Bf1 Qf6 34.b5 h5 35.Rcd1 b6
36.Qc8 Qe6 37.Qxe6 Rxe6 38.Rd7 Kg7 39.e3 Kf6 40.Rb7 Rc2 41.Kg2 Ne5 42.Rd8 Nf3
43.Rdb8 Ne1+ 44.Kg1 Nf3+ 45.Kg2 Ne1+ 46.Kg1 Nf3+  1/2-1/2

[Event "Europe Chess GM"]
[Site "Eger HUN"]
[Date "2002.03.20"]
[Round "1"]
[White "Koneru,H"]
[Black "Boricsev,O"]
[Result "1-0"]
[WhiteElo "2539"]
[BlackElo "2333"]

1.Nf3 d5 2.g3 Nf6 3.Bg2 e6 4.O-O Be7 5.d4 O-O 6.c4 c5 7.cxd5 exd5 8.Nc3 Nc6
9.Bg5 c4 10.Ne5 Be6 11.Nxc6 bxc6 12.b3 Qa5 13.Qc2 a6 14.Bd2 Qb6 15.e3 cxb3
16.axb3 Qb7 17.Rfb1 Qd7 18.Rc1 Bh3 19.Bh1 Rac8 20.Qa2 Rc7 21.Ne2 Bd6 22.Qa4 Qf5
23.Bb4 Bxb4 24.Qxb4 g5 25.Nc3 Re8 26.Ra2 Kg7 27.Rac2 Re6 28.Na4 Ng4 29.Nc5 Rf6
30.e4 Qg6 31.e5 Rf4 32.Qc3 Qh5 33.f3 Rf5 34.fxg4 Qxg4 35.Qe3 h5 36.Rf2 h4
37.Rxf5 Qxf5 38.Qf3 Qg6 39.g4  1-0

[Event "Masters"]
[Site "Pinamar ARG"]
[Date "2002.03.21"]
[Round "2"]
[White "Sunye Neto,J"]
[Black "Morovic Fernandez,I"]
[Result "1/2-1/2"]
[WhiteElo "2531"]
[BlackElo "2554"]

1.Nf3 d5 2.g3 c6 3.Bg2 Bg4 4.b3 Nd7 5.Bb2 Ngf6 6.O-O Bxf3 7.Bxf3 e5 8.d3 Bc5
9.e3 O-O 10.a3 a5 11.Nd2 Re8 12.Bg2 b5 13.e4 d4 14.c3 dxc3 15.Bxc3 Bd6 16.Qc2 Qe7  1/2-1/2

[Event "57th ch-YUG"]
[Site "Banja Koviljaca YUG"]
[Date "2002.03.23"]
[Round "7"]
[White "Kosic,D"]
[Black "Pavlovic,Mi"]
[Result "1/2-1/2"]
[WhiteElo "2511"]
[BlackElo "2497"]

1.Nf3 d5 2.g3 c6 3.Bg2 Nf6 4.O-O Bf5 5.b3 h6 6.Bb2 e6 7.c4 Be7 8.d3 O-O 9.Nbd2 Bh7
10.a3 a5 11.Ra2 Nbd7 12.Qa1 Re8 13.Ne5 Bf8 14.Nxd7 Nxd7 15.Bc3 Nb6  1/2-1/2

[Event "Supercom Cup"]
[Site "Bucharest ROM"]
[Date "2002.03.25"]
[Round "8"]
[White "Nanu,C"]
[Black "Bets,A"]
[Result "1-0"]
[WhiteElo "2412"]
[BlackElo "2383"]

1.Nf3 d5 2.g3 c5 3.Bg2 Nc6 4.d4 cxd4 5.Nxd4 e5 6.Nxc6 bxc6 7.c4 Be6 8.Nc3 Ne7
9.O-O d4 10.Na4 Bxc4 11.Qc2 Bd5 12.e4 Be6 13.Nc5 Bc8 14.f4 Ng6 15.Nd3 Qc7
16.f5 Ne7 17.Bd2 Ba6 18.Rfc1 Bxd3 19.Qxd3 Rb8 20.Rc2 c5 21.b4 Nc6 22.a3 Be7
23.Rac1 Qb6 24.bxc5 Qc7 25.Bf1 O-O 26.Qa6 Qb7 27.Qxb7 Rxb7 28.a4 d3 29.Rc3 Rd8
30.Rxd3 Rxd3 31.Bxd3 Rd7 32.Bb5 Rxd2 33.Bxc6 Bg5 34.Bd5 Be3+ 35.Kh1 Rb2 36.Rc4 Rb8
37.c6 Rc8 38.a5 Kf8 39.Rb4 Rc7 40.Rb7 Rc8 41.Rxf7+ Ke8 42.Rxg7  1-0